Sports Quiz

Random Sports Quiz
Score 0/8 Timer 05:00
0 Plays Today
Name % Correct
Romelu Lukaku
92.3%
Andy Cole
84.4%
Zlatan Ibrahimovic
75.5%
Dimitar Berbatov
61.8%
Louis Saha
54%
Anthony Martial
50.9%
Brian McClair
32.7%
Radamel Falcao
32.1%
Remove Ads.
Support Sporcle.
Get the best of Sporcle when you Go Orange. This ad-free experience offers more features, more stats, and more fun while also helping to support Sporcle. Thank you for becoming a member.

You're not logged in!

Compare scores with friends on all Sporcle quizzes.
OR
Log In

Sporcle TV

Today on Sporcle TV


Watch our educational content, quiz creation guides, and fun videos on Sporcle TV.

Show Comments

Extras

Top Quizzes Today


Score Distribution

Paid Content

Your Account Isn't Verified!

In order to create a playlist on Sporcle, you need to verify the email address you used during registration. Go to your Sporcle Settings to finish the process.

Report this User

Report this user for behavior that violates our Community Guidelines.

Details: